[Event "Tata Steel-A 78th"]
[Site "Wijk aan Zee"]
[Date "2016.01.27"]
[Round "10"]
[White "Hou, Yifan"]
[Black "Eljanov, Pavel"]
[Result "0-1"]
[WhiteElo "2673"]
[BlackElo "2760"]
[Annotator "Szabo,Kr"]
[PlyCount "136"]
[EventDate "2016.01.16"]
[EventType "tourn"]
[EventRounds "13"]
[EventCountry "NED"]
[EventCategory "20"]
[SourceTitle "CBM 171"]
[Source "ChessBase"]
[SourceDate "2016.03.14"]
[SourceVersion "2"]
[SourceVersionDate "2016.03.14"]
[SourceQuality "1"]

1. e4 e5 2. Nf3 Nc6 3. Bc4 Bc5 4. c3 Nf6 5. d3 O-O 6. O-O d6 ({2 months
previously Eljanov played} 6... d5 7. exd5 Nxd5 8. Nbd2 Bg4 9. h3 Bh5 10. Ne4
Be7 11. Ng3 Bg6 12. Re1 Bf6 13. Ne4 Nb6 14. Bb5 Re8 15. a4 a6 16. Bxc6 bxc6 17.
a5 Nd5 18. Qa4 $14 {Areshchenko-Eljanov, Emsdetten 2015, and White was
slightly better.}) 7. Nbd2 (7. Bb3 {is the other main move, but usually these
transpose.}) 7... a6 8. Bb3 Be6 {A natural move.} (8... Ba7 {is a far more
popular line.}) 9. Bc2 {The most ambitious reaction. White doesn't want to
exchange the B; she hopes it will be more useful in the future.} h6 10. h3 Re8
11. Re1 d5 12. exd5 Bxd5 13. b4 Ba7 14. a4 b5 15. Bb2 Qb8 $146 {This is the
new move in the game.} (15... Qd6 16. Ne4 Qe6 17. Nfd2 Rad8 18. Qe2 Nh7 19.
axb5 axb5 20. Ng3 Ng5 $13 {Bok-Abasov, Wijk aan Zee 2016, with an unclear
middlegame.}) 16. Nf1 Qb6 17. Ne3 Rad8 18. a5 (18. axb5 {was the alternative,}
axb5 19. Nd2 {with a balanced middlegame.}) 18... Qb7 19. Nxd5 Nxd5 20. Nh4 Re6
21. d4 Rf6 22. Qh5 Qc8 23. Be4 $2 {A mistake, which allows Black's subsequent
attack.} (23. Nf5 {was better} exd4 24. cxd4 Ncxb4 25. Be4 {with some
compensation for the P.}) 23... Nf4 $1 24. Qf3 Ng6 $6 ({Probably the greedy} 
24... exd4 $1 {worked, for example} 25. Bxc6 dxc3 26. Qxc3 (26. Bxc3 Nxh3+ 27.
Qxh3 Bxf2+ $19) 26... Nd3 $1 $19 {and Black wins.}) 25. Qg3 (25. Nf5 $5) 25...
Nxh4 26. Qxh4 exd4 27. Bf3 d3 (27... Qf5 $5 {was also possible.}) 28. Rad1 Qf5
$6 {A tempting and ambitious move, but not the best.} ({The engine suggests} 
28... g5 $5 29. Qg4 (29. Qe4 $2 Re6 $19) {and only now} 29... Qf5 {, because}
30. c4 $2 {could have been met by} Qxg4 31. hxg4 Rxf3 $1 {This is the point!}
32. gxf3 bxc4 $19 {and suddenly Black is winning.}) 29. c4 $1 g5 30. Qe4 Bd4 $6
{A dubious move.} (30... Qxe4 {was important,} 31. Rxe4 Nd4 $132 {with a
double-edged fight.}) 31. Bxd4 $6 (31. Qxf5 $1 {was more accurate} Rxf5 32.
cxb5 Bxb2 33. Bxc6 {and White's chances are slightly better.}) 31... Nxd4 32.
Rxd3 Ne2+ 33. Rxe2 Rxd3 34. Qe8+ $2 {A blunder, which misses the chance to
equalise.} (34. Qxf5 $1 {was the right reply,} Rxf5 35. cxb5 Rxb5 36. Re8+ Kg7
37. Be2 $11 {with a drawish R ending.}) 34... Kg7 35. Be4 $6 {This only helps
Black.} ({Nevertheless} 35. cxb5 Rd1+ 36. Re1 Rxe1+ 37. Qxe1 Qxb5 $19 {is also
winning for Black.}) 35... Rd1+ 36. Kh2 Qf4+ 37. g3 Qd6 38. cxb5 Rd2 {This is
not a bad move, but} (38... Qd4 $1 $19 {was much stronger and White has to
resign.}) 39. Bg2 Rxf2 40. Rxf2 Rxf2 41. Qe3 Rf6 $6 {This looks a safe move,
but it isn't the strongest.} (41... Ra2 $1 $19 {was more accurate to keep up
the pin on the g2-B.}) 42. bxa6 Qxa6 43. Qc5 ({Probably} 43. Qc3 $142 {was
tougher.}) 43... Qd6 44. Qc3 Kg8 45. b5 Rf2 $1 46. Qe1 Ra2 47. a6 Qd5 48. Qf1
Qd4 49. Qg1 Qxg1+ 50. Kxg1 Kf8 $19 {Black is a clear exchange up, the a6-P
looks dangerous, but the R controls it, so this endgame is winning for Black.}
51. Bd5 Ra3 52. Kf2 Ke7 53. g4 f6 54. Ke2 Kd6 55. Be4 Kc5 56. Bd3 Kd4 57. Bf5
Rxh3 58. Bd7 Ra3 59. Bc6 Kc5 60. Bd7 Kb6 61. Kf2 c5 62. bxc6 Rxa6 63. Kf3 Ra4
64. Ke3 Kc7 65. Kf3 Kd6 66. Ke3 Ra5 67. Ke4 Re5+ 68. Kf3 Re7 {...followed by ..
.Rxd7, so White resigned.} 0-1

[Event "Biel GM 50th"]
[Site "Biel"]
[Date "2017.08.02"]
[Round "9"]
[White "Harikrishna, Pentala"]
[Black "Bacrot, Etienne"]
[Result "0-1"]
[WhiteElo "2737"]
[BlackElo "2715"]
[Annotator "Szabo,Kr"]
[PlyCount "58"]
[EventDate "2017.07.24"]
[EventType "tourn"]
[EventRounds "9"]
[EventCountry "SUI"]
[EventCategory "16"]
[SourceTitle "CBM 180"]
[Source "ChessBase"]
[SourceDate "2017.09.13"]
[SourceVersion "1"]
[SourceVersionDate "2017.09.13"]
[SourceQuality "1"]

1. e4 e5 2. Nf3 Nc6 3. Bc4 Bc5 4. c3 Nf6 5. d3 a6 6. O-O d6 7. a4 Ba7 8. Re1
O-O 9. h3 Ne7 10. Nbd2 Ng6 11. Nf1 ({Two months ago Anand played} 11. Bb3 {,}
Be6 12. d4 Bxb3 13. Qxb3 Qd7 14. Nf1 exd4 15. cxd4 d5 16. e5 Ne4 17. N1d2 c5
18. Nxe4 dxe4 19. Rxe4 cxd4 20. e6 fxe6 21. Rxe6 Kh8 $132 {Anand-Nakamura,
Stavanger 2017, with a complicated position.}) 11... c6 12. Bb3 d5 13. Ng3 Be6
14. exd5 Nxd5 $146 {A logical novelty by Bacrot.} (14... Bxd5 15. Be3 (15. Bxd5
Qxd5 16. Be3 Bxe3 17. Rxe3 Rad8 $11 {is also heading for an equal position.})
15... Bxe3 16. Rxe3 Qb6 17. Ra3 Qc7 $11 {Howell-Svidler, Hockenheim 2016, with
a balanced position.}) 15. d4 {White immediately opens the centre and he is
hoping that his knight will be strong on d4.} (15. a5 $5 {was also an
interesting option.}) 15... exd4 16. Nxd4 Qc7 $1 {A very nice tactical
solution for the protection of the e6-bishop.} 17. Bxd5 ({Now} 17. Nxe6 $2 {
could have been met by} Bxf2+ $1 {This intermediate check is the point!} 18.
Kxf2 fxe6+ 19. Kg1 Qxg3 $17 {and suddenly Black is much better.}) (17. Ngf5 $5
{was an alternative choice,} Rae8 18. Bg5 Ndf4 {and Black looks nicely placed.}
) 17... Bxd5 18. Ndf5 {White activates his knight and prepares for
neutralising the a7-bishop with Be3.} Rad8 19. Qg4 Be6 20. Be3 ({The tempting} 
20. Nh5 $2 {could have been met by} Bxf5 21. Qxf5 Rd5 $1 22. Qf3 Bb8 23. g3 (
23. Ng3 Ne5 $1 $17) 23... Qd7 $17 {and suddenly Black becomes very active.})
20... Bb8 $1 {An ambitious move! Black keeps his bishop pair and he hopes the
queen and bishop battery can be dangerous on the b8-h2 diagonal.} 21. Bc5 $4 {
A decisive mistake, which loses immediately. White blunders, missing Black's
reply!} (21. Rad1 {was the natural move,} Rfe8 22. Bc5 $13 {and Black has the
bishop pair, but White's pieces are active, so this is still a double-edged
fight.}) 21... Bxf5 $1 $19 {Black immediately finds the tactical motif.} 22.
Nxf5 ({The point is that,} 22. Qxf5 {could have been met by} Rd5 $19 {and
White loses his bishop.}) 22... Qh2+ 23. Kf1 Rd2 {White can't avoid the mating
attack.} 24. f4 h5 25. Qf3 Qh1+ 26. Bg1 Ba7 27. Re3 Bxe3 28. Nxe3 Re8 29. Nc4
Rc2 0-1

[Event "Moscow Tal Memorial 10th"]
[Site "Moscow"]
[Date "2016.09.30"]
[Round "4"]
[White "Kramnik, Vladimir"]
[Black "Anand, Viswanathan"]
[Result "1-0"]
[WhiteElo "2808"]
[BlackElo "2776"]
[Annotator "Szabo,Kr"]
[PlyCount "101"]
[EventDate "2016.09.26"]
[EventType "tourn"]
[EventRounds "9"]
[EventCountry "RUS"]
[EventCategory "21"]
[SourceTitle "CBM 175"]
[Source "ChessBase"]
[SourceDate "2016.11.10"]
[SourceVersion "1"]
[SourceVersionDate "2016.11.10"]
[SourceQuality "1"]

1. e4 e5 2. Nf3 Nc6 3. Bc4 Bc5 4. O-O Nf6 5. d3 O-O 6. h3 d6 7. c3 a6 8. Re1
Ba7 9. Bb3 h6 10. Nbd2 Re8 11. Nf1 Be6 12. Bc2 {The most ambitious
continuation. White avoids the exchange of light-squared bishops and he
prepares for d4.} d5 13. exd5 (13. Qe2 {is far more popular.}) 13... Bxd5 14.
Ng3 Bc5 ({Last year Anand played} 14... Qd7 {in a blitz game,} 15. Nh4 Rad8 16.
Nhf5 Kh8 17. d4 $1 $132 {Giri-Anand, Stavanger blitz 2015, with a double-edged
fight.}) 15. b4 Bf8 16. a4 g6 $146 {A logical novelty by Anand. A typical move,
Black prepares for ...Bg7.} (16... b5 {has been played in a few games,} 17. Be3
(17. Bd2 Rb8 18. Qe2 Qd7 19. Nh2 Be6 $13 {Bologan-Stefansson, Dresden 2008,
with a complicated middlegame.}) 17... Rb8 (17... Qc8 18. Ne4 Nd7 19. Bb3 Bxb3
20. Qxb3 Qb7 21. Qd5 {1/2 Predojevic-Sargissian, Germany 2007, and a draw.})
18. axb5 axb5 19. Ne4 Be7 20. Nfd2 Ra8 21. Qf3 Kh8 22. Nb3 Qd7 23. Nbc5 Bxc5
24. Nxf6 Bxf3 25. Nxd7 Bxe3 26. fxe3 Bd5 27. Nc5 $14 {Petrosian-Melkumyan,
Martuni 2011, and White looks more comfortable.}) 17. Bb2 b5 {A similar idea
to that behind the previous move. White has gained some space on the queenside
and Black tries to rein him in a bit.} 18. Ne4 Rb8 19. Bc1 {Kramnik thought
the bishop was useless on b2, so he activates it on the c1-h6 diagonal.} (19.
Bb3 $5 {was the alternative choice.}) 19... Nd7 $6 {A little bit passive.} (
19... Nh5 {looks more ambitious, for example} 20. Be3 Kh7 {and Black will play
on the kingside with ...f5.}) 20. Bb3 $1 {The right plan. Black's
light-squared bishop was already too strong and White can't continue his
queenside play, so he exchanges the bishops.} Bxb3 (20... Nb6 21. axb5 axb5 22.
Be3 $14 {looks more comfortable for White.}) 21. Qxb3 Re6 22. axb5 axb5 23. Be3
Nf6 24. Rad1 Nxe4 ({I think} 24... Nd5 $5 {was more accurate to keep the
tension, however White controls the c5-square.}) 25. dxe4 Qe8 {The pawn
structure is symmetrical again. White is more flexible, because Black's knight
is passive and difficult to activate. White is obviously slightly better.} 26.
Rd5 Nd8 27. Ra1 Nb7 28. Ra7 c6 29. Rd1 Nd6 30. Nd2 Ra8 31. Rda1 Rxa7 32. Rxa7
Re7 {Black tries to simplify the position, he would have more chances to hold
his position.} 33. Ra6 {Of course White avoids the exchange.} Rc7 34. Qa2 Kg7
35. Bb6 Rb7 36. Bc5 Be7 37. Ra8 Rb8 (37... Qd7 $5 {was the other option and it
is hard to continue the pressure with White.}) 38. Ra7 Rd8 39. Bb6 Rc8 40. Bc7
Qd7 41. Bb6 Qe8 42. g3 Bg5 43. Bc7 Bxd2 $6 ({Probably} 43... Be7 {was more
accurate, however} 44. c4 bxc4 45. Nxc4 $14 {is slightly better for White.})
44. Bxd6 Bxc3 45. Re7 $1 {White has sacrificed a pawn, but he is very strongly
placed on Black's 7th rank.} Qg8 {At first the engine says this is a decisive
mistake, but 45...Qf8 is also similar.} ({In the event of} 45... Qf8 46. Qe6 $1
Ra8 47. Qd7 Bd4 48. h4 {Black is under pressure like in the game and} Ra2 $2 {
loses on account of} 49. Re8 $18) 46. Qe6 $1 {Another strong reply!} Qf8 47.
Kg2 $1 {A very nice cool-blooded move. Black can't do anything, just hold his
position.} ({The engine suggests} 47. Rc7 Rxc7 48. Bxf8+ Kxf8 49. Qd6+ Re7 {
as a clear winning position for White, but by human measures this is a good
chance to survive for Black.}) 47... Rd8 (47... Ra8 {also leads to a similar
position,} 48. Qd7 ({, but not} 48. Bc5 Bd4 49. Qxc6 Ra2 $1 $11 {and a draw.})
48... Bd4 49. h4 Rc8 50. g4 $16 {and it is very difficult to continue with
Black.}) 48. Bc5 Bd4 49. Qxc6 Kg8 $6 {This loses immediately, but Black's
position was difficult.} (49... Bxc5 {was tougher,} 50. Qxc5 Kg8 51. Qxe5 h5
$16 {and White should be much better, but it is not easy to play with his rook,
as the b4-pawn will be hanging.}) 50. Qxb5 Rb8 51. Rxf7 $1 {Nice victory by
Kramnik!} 1-0

[Event "Khanty-Mansiysk FIDE GP"]
[Site "Khanty-Mansiysk"]
[Date "2015.05.17"]
[Round "4"]
[White "Jobava, Baadur"]
[Black "Grischuk, Alexander"]
[Result "1/2-1/2"]
[WhiteElo "2699"]
[BlackElo "2780"]
[Annotator "Szabo,Kr"]
[PlyCount "46"]
[EventDate "2015.05.14"]
[EventType "tourn"]
[EventRounds "11"]
[EventCountry "RUS"]
[EventCategory "21"]
[SourceTitle "CBM 167"]
[Source "ChessBase"]
[SourceDate "2015.07.13"]
[SourceVersion "1"]
[SourceVersionDate "2015.07.13"]
[SourceQuality "1"]

1. e4 {[%emt 0:00:11]} e5 {[%emt 0:00:08]} 2. Nf3 {[%emt 0:00:05]} Nc6 {
[%emt 0:00:04]} 3. Bc4 {[%emt 0:00:08]} Bc5 {[%emt 0:00:12]} 4. c3 {[%emt 0:00:
08]} Nf6 {[%emt 0:00:10]} 5. d4 {[%emt 0:00:07] Jobava likes to play rare
sidelines, but as we will see, he studies them very deeply and he is able to
cause real surprises.} (5. d3 {is the solid main continuation.}) 5... exd4 {
[%emt 0:00:09]} 6. e5 {[%emt 0:00:04]} (6. cxd4 {is the another line.}) 6... d5
{[%emt 0:00:16]} 7. Bb5 {[%emt 0:00:08]} ({Jobava also tried} 7. Be2 Ne4 8.
cxd4 Bb4+ 9. Bd2 Nxd2 10. Nbxd2 O-O 11. O-O f6 $1 12. Rc1 $1 fxe5 $1 (12... Kh8
13. Nb3 $1 Bg4 14. a3 Be7 15. Re1 fxe5 16. dxe5 Rf4 17. h3 Bh5 18. Nc5 Bxc5 19.
Rxc5 d4 20. e6 $1 Bg6 21. Bd3 $16 {Jobava-Karjakin, Loo 2013, and White is
better; later he managed to win.}) 13. dxe5 Ba5 $1 {should have been played,
followed by ...Bb6 and Black is fine.}) 7... Ne4 {[%emt 0:00:09]} 8. cxd4 {
[%emt 0:00:05]} Bb6 {[%emt 0:00:07]} 9. h3 {[%emt 0:00:10]} O-O {[%emt 0:00:48]
} ({A few weeks ago Jakovenko played} 9... Bd7 {against Jobava,} 10. Ba4 f6 11.
O-O fxe5 12. dxe5 Ne7 13. Nbd2 Nxd2 14. Bxd2 O-O 15. Bc2 Bf5 16. a4 a5 17. Ra3
Nc6 18. Bxf5 Rxf5 19. Re1 Nd4 $13 {Jobava-Jakovenko, Sochi 2015, with a
balanced middlegame.}) 10. O-O {[%emt 0:00:12]} f6 {[%emt 0:01:04]} 11. Bxc6 {
[%emt 0:01:20]} bxc6 {[%emt 0:00:26]} 12. Be3 {[%emt 0:00:18]} fxe5 {[%emt 0:
00:48]} 13. Nxe5 {[%emt 0:00:06]} Ba6 {[%emt 0:00:13]} 14. Re1 {[%emt 0:01:51]}
Ba5 $146 {[%emt 0:00:47] A completely acceptable and correct novelty by
Grischuk.} (14... Qh4 $5 {has also been played,} 15. Nf3 (15. Qg4 $6 {was
dubious, as} Qxg4 16. hxg4 Rae8 17. Nc3 Nxf2 $1 18. Bxf2 Rxf2 19. Nxc6 {
(Kiroski-V.Georgiev, Struga 2010)} Rxe1+ 20. Rxe1 Rxb2 21. Nxd5 Bb5 22. Nxb6
Bxc6 $15 {and Black looks nicely placed.}) 15... Rxf3 (15... Qh5 16. Nbd2) 16.
Qxf3 Rf8 17. Qg4 Qf6 18. Nc3 Nxf2 19. Qg3 Bxd4 20. Bxd4 Qxd4 21. Kh2 Qf6 $44 {
with a double-edged fight.}) 15. Nxc6 {[%emt 0:06:48]} Qh4 {[%emt 0:00:52]} 16.
Nxa5 {[%emt 0:01:42]} Rxf2 $1 {[%emt 0:01:02] This is the point! Now Black
forces the draw.} 17. Nc3 {[%emt 0:05:21]} (17. Bxf2 $2 {does not work, because
} Qxf2+ 18. Kh2 (18. Kh1 $2 Bf1 $1 19. Rxf1 Ng3+ 20. Kh2 Nxf1+ 21. Kh1 Qf4 $1
22. Kg1 Rf8 $19 {and Black wins.}) 18... Qg3+ 19. Kg1 Ng5 $1 {A very strong
move. Black is a clear R down, but he continues the attack! For example:} 20.
Kh1 Nxh3 $1 21. gxh3 Qxh3+ 22. Kg1 Qg3+ 23. Kh1 Rf8 $1 24. Nc3 Qh3+ 25. Kg1 Rf4
26. Re8+ Kf7 $19 {and White's position is hopeless.}) 17... Rxg2+ {[%emt 0:01:
54]} 18. Kxg2 {[%emt 0:00:09]} Qg3+ {[%emt 0:00:03]} 19. Kh1 {[%emt 0:00:06]}
Qxh3+ {[%emt 0:00:04]} 20. Kg1 {[%emt 0:00:04]} Qg3+ {[%emt 0:01:11]} 21. Kh1 {
[%emt 0:00:07]} Qh3+ {[%emt 0:00:05]} 22. Kg1 {[%emt 0:00:05]} Qg3+ {[%emt 0:
00:02]} 23. Kh1 {[%emt 0:00:06]} Qh3+ {[%emt 0:00:04]} 1/2-1/2

[Event "Sinquefield Cup 5th"]
[Site "Saint Louis"]
[Date "2017.08.02"]
[Round "1"]
[White "Karjakin, Sergey"]
[Black "Svidler, Peter"]
[Result "1-0"]
[WhiteElo "2773"]
[BlackElo "2749"]
[Annotator "Szabo,Kr"]
[PlyCount "77"]
[EventDate "2017.08.02"]
[EventType "tourn"]
[EventRounds "9"]
[EventCountry "USA"]
[EventCategory "22"]
[SourceTitle "CBM 180"]
[Source "ChessBase"]
[SourceDate "2017.09.13"]
[SourceVersion "1"]
[SourceVersionDate "2017.09.13"]
[SourceQuality "1"]

1. e4 e5 2. Nf3 Nc6 3. Bc4 Bc5 4. c3 Nf6 5. d3 d6 6. O-O a6 7. a4 Ba7 8. Re1
O-O 9. h3 Ne7 10. d4 Ng6 11. Nbd2 h6 ({The natural} 11... c6 {was played by
Carlsen,} 12. Bd3 Re8 13. Bc2 h6 14. Nf1 exd4 15. cxd4 c5 16. d5 b5 17. axb5
axb5 18. Ng3 Bd7 19. Be3 Bb6 20. Rxa8 Qxa8 $13 {Kramnik-Carlsen, Stavanger
2017, with an unclear middlegame; later White managed to win.}) 12. Bb3 Re8 13.
Bc2 b5 ({On the same day So Wesley played} 13... Bd7 14. a5 c6 15. dxe5 dxe5
16. Nc4 Qe7 17. Qd6 Qxd6 18. Nxd6 Re6 19. Rd1 $14 {Vachier Lagrave-So Wesley,
Saint Louis 2017, and Black was under pressure.}) 14. b4 $146 {A logical
novelty by Karjakin. White's idea is to play on the queenside with Bb2, c4.} (
14. Nf1 {is the straightforward continuation,} Bd7 15. Ng3 c5 16. Be3 exd4 17.
cxd4 c4 18. Qd2 $36 {Grandelius-E.Hansen, Wijk aan Zee 2017, with the
initiative.}) 14... Bb7 15. Bb2 Qd7 16. c4 {This is the idea of White's setup.
Normally it is very rare that White has 5 pawns next to each other on the 4th
rank.} exd4 $6 {A dubious move, because Black will have problems on b5.} (16...
bxc4 {was better,} 17. dxe5 Nxe5 18. Nxe5 dxe5 19. Nxc4 Bd4 {and Black is also
active,}) ({or even the cool-blooded} 16... Nh5 $5 {is also possible, for
example:} 17. axb5 (17. dxe5 $2 Nhf4 $1 18. exd6 Nxg2 $1 19. Kxg2 Nf4+ $19 {
with a decisive attack.}) 17... axb5 18. c5 Nhf4 $132 {with a complicated
middlegame.}) 17. cxb5 $1 {The right reply!} d3 $6 {Another inaccuracy. At
first sight 17...d3 is a logical intermediate move, because ...Nf4 will come
with tempo. On the other hand the light-squared bishop will be strong on the
a6-f1 diagonal.} ({However} 17... axb5 18. Nxd4 bxa4 19. Bxa4 c6 20. Qc2 $14 {
is also comfortable for White.}) 18. Bxd3 Nf4 19. Bf1 $1 {This is the right
square for the bishop. White sacrifices the e4-pawn, because on the queenside
he will be stronger.} Nxe4 (19... axb5 20. Bxb5 $16 {is also better for White.}
) 20. Nxe4 Bxe4 21. bxa6 Qf5 {Threatening ...Nxh3.} 22. Ra3 $1 {A great move,
White activates his R from the 3rd rank and protects the f3-knight.} c5 23. Nh4
{A strong intermediate move! Now it is not easy to choose for Black where he
will put his queen, moreover Rg3 can be unpleasant at an appropriate moment.}
Qe6 (23... Qg5 $2 {loses, as} 24. Rg3 Qxh4 25. Rxg7+ Kf8 26. Qxd6+ $18 {
and wins.}) 24. b5 $18 {White's queenside pawns are very dangerous. a5, b5 is
his main threat.} c4 25. Bd4 {The best practical move. White frustrates all
counterchances; now he neutralises the a7-bishop.} (25. a5 Bc5) 25... Bxd4 26.
Qxd4 d5 27. Rg3 ({The careless} 27. a5 $2 {could have been met by} Qe7 {
double attack,} 28. Rg3 Ne6 $132 {and White loses the h4-knight, the position
is not easy.}) (27. f3 {was also fine, but} Qd6 (27... Qe7 $2 28. Nf5 $1 $18)
28. Rxe4 Rxe4 29. fxe4 Qxa3 30. Nf5 Ne6 {gives some practical chances for
Black.}) 27... g5 28. f3 Nh5 29. Rg4 Nf6 ({The good-looking} 29... f5 {is also
losing, because of} 30. Nxf5 $1 Qxf5 31. fxe4 $18 {and White is winning.}) 30.
Rgxe4 $1 Nxe4 ({In the event of} 30... dxe4 31. Bxc4 Qe5 32. Qxe5 Rxe5 33. b6
$18 {the pawns reach the 6th rank.}) 31. fxe4 gxh4 32. Rd1 Qxe4 (32... dxe4 33.
Bxc4 $18 {is also hopeless for Black.}) 33. Qxe4 Rxe4 34. Rxd5 c3 35. Rc5 Rxa4
36. b6 Kg7 37. b7 Re8 38. Rxc3 Ra1 39. a7 ({The immediate} 39. Rc8 $4 {would
be a blunder, as} Ree1 $1 {and suddenly the white king is in trouble.}) (39. a7
Rxa7 {and the rook has left the 1st rank, so} 40. Rc8 $18 {and White is
winning.}) 1-0